| 000 | 00415nam a2200121Ia 4500 | ||
|---|---|---|---|
| 008 | 220615s9999||||xx |||||||||||||| ||und|| | ||
| 100 | _aMayank Vats | ||
| 245 | 0 | _aNoninvasive Ventilation in Medicine - Recent Updates | |
| 546 | _aEnglish[eng] | ||
| 650 | _aMedicine||Emergency Medicine||Health Sciences | ||
| 856 | _uhttps://www.intechopen.com/books/noninvasive-ventilation-in-medicine-recent-updates | ||
| 942 | _cEB | ||
| 999 |
_c14061 _d14061 |
||